Problems and solution in signal and systems / (Record no. 15312)

MARC details
000 -LEADER
fixed length control field 01263 a2200229 4500
001 - CONTROL NUMBER
control field 11405
003 - CONTROL NUMBER IDENTIFIER
control field IN-BhIIT
005 - DATE AND TIME OF LATEST TRANSACTION
control field 20260218151111.0
008 - FIXED-LENGTH DATA ELEMENTS--GENERAL INFORMATION
fixed length control field 260218b |||||||| |||| 00| 0 eng d
020 ## - INTERNATIONAL STANDARD BOOK NUMBER
ISBN 9788123911458 (pbk.)
040 ## - CATALOGING SOURCE
Original cataloging agency IN-BhIIT
041 ## - LANGUAGE CODE
Language code of text eng
082 ## - DEWEY DECIMAL CLASSIFICATION NUMBER
Classification number 621.3822
Book number GOP/P
100 ## - MAIN ENTRY--AUTHOR NAME
Personal name Gopal, R
245 ## - TITLE STATEMENT
Title Problems and solution in signal and systems /
Statement of responsibility, etc R Gopal
260 ## - PUBLICATION, DISTRIBUTION, ETC. (IMPRINT)
Place of publication New Delhi :
Name of publisher CBS Publishers & Distributors,
Year of publication 2011.
300 ## - PHYSICAL DESCRIPTION
Number of Pages v, 354 p. :
Other physical details(ill.) ill. ;
Dimensions(size) 19 cm.
504 ## - BIBLIOGRAPHY, ETC. NOTE
Bibliography, etc Includes bibliographical references. and index.
520 ## - SUMMARY, ETC.
Summary, etc This book covers all important and major topics taught at the undergraduate level in an engineering college. All the problems have been discussed at length and detailed line diagrams given extensively to help the reader understand the basics and grasp the logic. This book is suitable for preparing for all university examinations and also to face the competitions. This feature is expected to help the reader in visualising the patterns of problems and the extent and level of difficulty in solving the questions likely to be encountered in the examination and thus tackling the problems with confidence and success.
650 ## - SUBJECT ADDED ENTRY--TOPICAL TERM
Topical Term Electrical engineering
942 ## - ADDED ENTRY ELEMENTS (KOHA)
Koha item type Technical Reference Book
Holdings
Withdrawn status Lost status Damaged status Not for loan Collection code Home library Current library Date acquired Source of acquisition Cost, normal purchase price Full call number Accession Number Cost, replacement price Price effective from Koha item type
Not withdrawn Not Lost not damaged     Central Library, IIT Bhubaneswar Central Library, IIT Bhubaneswar 04/02/2026 53 262.50 621.3822 GOP/P 11405 350.00 04/02/2026 Technical Reference Book

Central Library, Indian Institute of Technology Bhubaneswar, 4th Floor, Administrative Building, Argul, Khordha, PIN-752050, Odisha, India
Phone: +91-674-7138750 | Email: circulation.library@iitbbs.ac.in (For circulation related queries),
Email: info.library@iitbbs.ac.in (For other queries)